00653nam a2200157 a 450000100100000000500170001000800410002704000250006808200140009310000350010724500700014226000760021230000200028895201700030899900170047800003345820200930070255.0110830s1957 dr 000 0 spa d aDO-SdBNPbspacBNPHU axxxbB2651 aBarón Castro, Rodolfo95899613aLa Unesco y la República Dominicana /cRodolfo Barón Castro,. aCiudad Trujillo, República Dominicana :bImpresora Dominicana,c1957. a17 p. ;c24 cm. 001050718RVaPDbPDcCTd2011-08-30iLF1l0oxxx B265p33458-10r2020-06-25w2020-06-25y1zPerteneció a la biblioteca personal de Martínez BoogZNo se presta c32949d32949